Quizzes
Events
Quiz Creation
Community
Videos
Private Events
Remove Ads
Sign In
Join for FREE
Feedback
Dark Mode
Quiz Categories
Sports
Geography
Music
Movies
Television
Just For Fun
Miscellaneous
History
Literature
Language
Science
Gaming
Entertainment
Religion
Holiday
For Kids
Quiz Lab
Recent
Popular Today
Quiz Kudos Today
Editor Picks
Curator Picks
Quizzes by...
Day
Popularity
Type
Ratings
Length
Year
Community
Subscriptions
Recent Discussions
Orange Saloon
Badges
Playlists
Quests
Create
Leaderboards
Showdown
Live 5
Trivia Bingo
Activity
Puzzle Library
Sporcle Events
Private Events
Virtual Trivia
Globe League
Become a Host
Pub Owners
SporcleCon
Opinionation
Our Games
Videos
Blog
Mobile Apps
Partnerships
Remove Ads and Go Orange
Feedback
Gaming
Video Games
Board Games
Card Games
Pokémon
Mario
Nintendo
Minecraft
Console
Toys
Legend of Zelda
Gaming
Video Games
Board Games
Card Games
Pokémon
Mario
Nintendo
Minecraft
Console
Toys
Legend of Zelda
Random Quiz
Search Sporcle
×
Quiz Lab
Quiz Lab
Gaming
Capital
Type in answers that appear in a list
Type in answers that appear in a list
Classic
Best Score? Go Orange.
Civilizations of Civ 3 Stats
Can you name the Civilizations from Side Meiers Civilization III (and its expansions)?
By
5t0rmm4k3r
3m
32 Questions
436 Plays
436 Plays
436 Plays
Comments
Comments
Give Quiz Kudos
Give Quiz Kudos
-
- Ratings
hide this ad
Forced Order
Answers have to be entered in order
Answers have to be entered in order
Random Order
Randomize order of answers
Randomize order of answers
Replay
Link that replays current quiz
Next Quiz
Link to next quiz in quiz playlist
You Got
0%
They Got
Avg Score
73%
Avg Friend Score
Upgrade to see
Score Distribution
Jump to the score distribution portion of the page
Score
0/32
Timer
03:00
0
Plays Today
Leader
Civilization
% Correct
Gandhi
Indians
93.8%
Lincoln
Americans
92.6%
Cleopatra
Egyptians
92.6%
Elizabeth
English
92.4%
Mao
Chinese
92.2%
Joan d'Arc
French
92.2%
Caesar
Romans
92%
Alexander
Greeks
90.6%
Bismarck
Germans
89.4%
Catherine
Russians
88.3%
Xerxes
Persians
87.8%
Temujin (Genghis)
Mongols
86.2%
Isabella
Spanish
86%
Tokugawa
Japanese
85.5%
Montezuma
Aztecs
83%
Shaka
Zulus
81.6%
Leader
Civilization
% Correct
Hammurabi
Babylonians
77.7%
William of Orange
Dutch
77.2%
Wang Kon
Koreans
76.3%
Hannibal
Carthaginians
73.6%
Ragnar Lodbrok
Vikings
66.4%
Smoke-
Jaguar
Maya
62.3%
Pachacuti
Inca
61.8%
Hiawatha
Iroquois
58.6%
Abu Bakr
Arabs
57.2%
Osman
Ottomans
56.1%
Brennus
Celts
54.3%
Gilgamesh
Sumerians
49.9%
Henry
Portuguese
49.2%
Theodora
Byzantines
47.1%
Mursilis
Hittites
28.3%
Charles V
Austrians
23.9%
Quiz Playlist
Details
Report
Send in Message
Add To Playlist
Classic:
Type in answers that appear in a list
Forced Order:
Answers have to be entered in order
Random Order:
Randomize order of answers
Quiz Source
Last Updated: Feb 16, 2017
Quiz Scoreboard
CHALLENGE
Sign Up to Join the Scoreboard
Show All
Scores
Hide
Comments
May contain spoilers
Recently Published
9x9 Crossword: Cartoon Network
by jackfrog10
Miscellaneous
3m
College Basketball Coaching Resumes
by pancakes188
Sports
9m
Billboard Blitz: Fleetwood Mac
by CooCooCachoo
Music
15s
More to Explore
Quiz From the Vault
Featured Blog Post
Where Did the Easter Bunny Come From?
hide this ad
You Might Also Like...
Tags
Capital Quiz
Civ
Civilization
Expansion
side
Today's Top Quizzes in Gaming
Browse Gaming
hide this ad
Today's Top Quizzes in Capital
Browse Capital
Top Contributed Quizzes in Gaming
1
5-to-1: Consoles
2
7-to-1: Board Game Piece Blitz
3
5-to-1: Legend of Zelda
4
League of Legends Pro Players by Career/Team History
5
Destiny 2 exotic weapons by perk icons
6
Ultimate Genshin Impact Logic Puzzle (up to 4.3)
7
Franchise by Action Figure
8
Who's on the WWE 2K24 Cover?
9
Genshin Impact Logic Puzzle Quiz
10
Overwatch Logic Puzzle
Explore More
Trending Topics
NBA
Disney
Kpop
Anime
Harry Potter
Crossword
Marvel
Pokémon
Country
Puzzle
NFL
The Office
Soccer
WWE
Song
hide this ad
More By:
5t0rmm4k3r
Quiz
Plays
Rating
Category
Featured
Created
Countries of Historical Cities
953
3.67
History
Jul 16, 2010
Civilizations of Civ 3
436
4.00
Gaming
Dec 15, 2009
Doctor Who Episodes (2005-2010)
86
4.00
Television
Jul 16, 2010
Go to Creator's Profile
Score Distribution
Quiz Creator Spotlight
5t0rmm4k3r
Follow
Send a Message
Quizzes Created
-
Created Quiz Play Count
-
More By This Creator
Popular Quizzes Today
1
Find the US States - No Outlines Minefield
2
Find the Countries of Europe - No Outlines Minefield
3
The Countries of the World
4
Find the US States
5
Risky Map Clicking: Biggest States A-Z
6
US States
7
Popular People in 1961
8
Movies - When Are They Set?
More Gaming Quizzes
Pick a Pokémon Trio
Published
Trending Quizzes
Risky Map Clicking: Least Populous States A-Z
1-10 Letter G Words
1-10 Letter F Words
Risky Map Clicking: Next State Alphabetically
Adjectives in 80s TV Shows
Recently Updated
Leaping Animals
pecheneg
Reality TV Shows (A-Z)
bhenderson79
Rickey Henderson's Hall of Fame Teammates
pecheneg
Champions League XIs: Arsenal
pecheneg
Quick Pick: Celebrities in WWE's Hall of Fame
aduchscher
A-Z Keypad Blitz II
pecheneg
Multiple Oscar Actors
pecheneg
Mystery Phrase Blitz: Oscar 'Best Actors'
pecheneg
F. Scott Fitzgerald Novels
LTH
Pick 3 Villains
ddd62291
Trending Topics
Kpop
Anime
Harry Potter
Disney
NBA
Marvel
Crossword
Soccer
Song
Country
NFL
Puzzle
WWE
Pokémon
The Office
Your Account Isn't Verified!
In order to create a playlist on Sporcle, you need to verify the email address you used during registration. Go to your
Sporcle Settings
to finish the process.
Report this User
Report this user for behavior that violates our
Community Guidelines
.
Details:
Send Report
Go to the Sporcle.com Mobile Site →
Comments